000 00417nam a22001697a 4500
005 20180704115530.0
008 160511b xxu||||| |||| 00| 0 eng d
020 _a0-058340-4
041 _aeng
082 _b1358
_a658.15
100 _aKhan, MY, Jain, PK
_9448
245 _aFinancial Management (Text Problems & cases)
260 _aNew Delhi
_bTMH
300 _a38.19p,
650 _aManagement
_9241
942 _cBK
999 _c598
_d598